00675nam a2200229 a 450000100060000000300080000600500170001400800410003102000150007203500190008704000270010604100080013308200220014110000240016324500850018725000120027226000530028430000330033750000190037065000260038970000300041570389BD-RjUL20211209082007.0170417r1976 enka 001 0 eng d a040851552X a(BD-RjUL)70603 aTXAcTXAdBD-RjULbeng aeng04a546223bWOI 19761 aWood, Cyril Warcup.10aInorganic chemistry :ban intermediate text /cby C. W. Wood and A. K. Holliday. a3rd ed. aLondon :bButterworths,cc1967 [reprinted 1976]. axi, 419 p. :bill. ;c23 cm. aIncludes index 0aChemistry, Inorganic.1 aHolliday, Arthur Kenneth.